| 000 | 00602cam a22002291 4500 | ||
|---|---|---|---|
| 001 | sa 63000316 | ||
| 003 | DLC | ||
| 005 | 20260227111920.0 | ||
| 008 | 890919s1962 ii 000 0 hino | ||
| 010 | _asa 63000316 | ||
| 035 | _a(OCoLC)20369364 | ||
| 040 |
_aDLC _cWaU _dDLC |
||
| 042 | _apremarc | ||
| 043 | _aa-ii--- | ||
| 050 | 0 | 0 |
_aPK1931 _b.T3 |
| 100 | 1 |
_aTaṇḍana, Premanārāyaṇa, _d1915-1973. |
|
| 245 | 1 | 0 | _aHindī bhāshā aura sāhitya kā paricayātmaka itihāsa. |
| 260 | _c[1962] | ||
| 300 |
_a346 p. _c18 cm. |
||
| 546 | _aIn Hindi. | ||
| 650 | 0 |
_aHindi philology _xHistory. |
|
| 999 |
_c53409 _d53409 |
||